000 00943nam a2200301Ia 4500
001 86892
003 IT-RoPAU
008 130308s9999 xx 000 0 und d
040 _aIT-RoPAU
040 _cIT-RoPAU
041 _aITALIANO
100 _aVialetto Lorenzo
100 _gCodice Aut. SPICS: 56
245 _aProntuario dei costi nell'industria grafica
245 _bEnciclopedia della Stampa-Aggiornamento N.13: Tempi di Lavorazione della Composizione
250 _a1a ed.
260 _aTORINO
260 _bSEI
260 _c1973 [1° Ed.:1973 - Ed.Ling.Originale:1973]
300 _a"38 p. (prefazione: no ; testo: 38 [pagine: 15-52])"
500 _aLavori commerciali Extralibrari Lavori Editoriali Librari Litografia Legatura Carta Maggiorazione costi Materiale
650 _aENCICLOPEDIE SULL'EDITORIA
650 _eCodice materia Spics: 6601
942 _cBK
957 _71
999 _c49372
_d49372
999 _bSI
999 _g1